[Event "Challenge"]
[Site "http://www.queenalice.com/game.php?id=315925"]
[Date "2007.12.6"]
[Round "-"]
[White "BOSQUES"]
[Black "luis_felipe_oliveira"]
[Result "0-1"]
[WhiteElo "1495"]
[BlackElo "1228"]

1. d4 e6 2. e4 d5 3. e5 c5 4. Nf3 Nc6 5. Bb5 Bd7 6. Bxc6 Bxc6 7. Be3 Qb6 8. b3
Qb4+ 9. Qd2 Qxd2+ 10. Nbxd2 Be7 11. dxc5 Nh6 12. Nd4 O-O 13. Bxh6 gxh6 14. Nxc6
bxc6 15. b4 a5 16. c3 Rfb8 17. a3 axb4 18. cxb4 Rxb4 19. Rb1 Rxb1+ 20. Nxb1 Rb8
21. O-O Bxc5 22. a4 Bd4 23. Nd2 Bxe5 24. Nf3 Bf6 25. Rc1 c5 26. g3 c4 27. Rc2
Rb1+ 28. Kg2 Ra1 29. Nd2 Rxa4 30. Nf3 Kg7 31. Ne1 d4 32. Rb2 Ra1 33. Nc2 d3 0-1

[Event "Challenge"]
[Site "http://www.queenalice.com/game.php?id=315926"]
[Date "2007.12.6"]
[Round "-"]
[White "luis_felipe_oliveira"]
[Black "BOSQUES"]
[Result "1-0"]
[WhiteElo "1311"]
[BlackElo "1416"]

1. e4 e5 2. Nf3 Nc6 3. Nc3 f5 4. exf5 Nf6 5. d4 e4 6. Ne5 Bb4 7. Nxc6 Bxc3+ 8.
bxc3 dxc6 9. Bc4 Bxf5 10. Bf4 g6 11. Be5 Rf8 12. O-O Qe7 13. Rb1 b5 14. Be2 h5
15. c4 a6 16. Qd2 Ng4 17. Bxg4 Bxg4 18. Rbe1 Bf5 19. f3 O-O-O 20. Qa5 Kb7 21.
fxe4 Be6 22. c5 Rxf1+ 23. Rxf1 Bc4 24. Bf6 Rf8 25. e5 Qe6 26. Rf3 Qd5 27. Qc3
Qe4 28. a4 Qe2 29. h4 Qd1+ 30. Kh2 Bf1 31. axb5 Qe2 32. bxa6+ Kc8 33. Rg3 Qxa6
34. Rxg6 Qa2 35. Qf3 Qxc2 36. Rg7 Qd2 37. e6 Bxg2 38. Rxg2 Qh6 39. e7 Re8 40.
Qh3+ Kb8 41. Rb2+ 1-0

[Event "Challenge"]
[Site "http://www.queenalice.com/game.php?id=318863"]
[Date "2007.12.12"]
[Round "-"]
[White "mogerio"]
[Black "luis_felipe_oliveira"]
[Result "0-1"]
[WhiteElo "1234"]
[BlackElo "1191"]

1. e4 e5 2. d4 Bd6 3. dxe5 Bxe5 4. Qd5 Qe7 5. Nf3 Nf6 6. Qxe5 Nxe4 7. Qxe7+ Kxe7
8. Bd3 d5 9. Bxe4 dxe4 10. Ng5 f5 11. g4 g6 12. gxf5 gxf5 13. O-O Nc6 14. Re1
Rg8 15. Kf1 h6 16. Nxe4 Nd4 17. Nec3+ Kd8 18. Re2 Nxe2 19. Kxe2 Rg1 20. Bxh6 Rh1
21. f3 Rxh2+ 22. Ke3 Rxh6 23. Na3 Be6 24. Rd1+ Ke8 25. Ncb5 Rh7 26. Nxc7+ Rxc7
27. Nb5 Rxc2 28. Nd4 Rd8 29. Rd2 Rc4 30. Kd3 Rcxd4+ 31. Ke3 Rxd2 32. b4 Rxa2 33.
f4 Bd5 34. b5 Ke7 0-1

[Event "Challenge"]
[Site "http://www.queenalice.com/game.php?id=323011"]
[Date "2007.12.20"]
[Round "-"]
[White "jmaradona"]
[Black "luis_felipe_oliveira"]
[Result "0-1"]
[WhiteElo "1021"]
[BlackElo "1449"]

1. e4 e5 2. Nf3 Nf6 3. Nc3 Bc5 4. h3 Nc6 5. Bc4 Qe7 6. d3 d6 7. Bg5 O-O 8. Nd5
Qd8 9. Qd2 Be6 10. O-O-O b6 11. Rhe1 Na5 12. b4 Nxc4 13. dxc4 Bxd5 14. exd5 h6
15. Bxf6 Qxf6 16. bxc5 bxc5 17. a4 Rfe8 18. a5 e4 19. Rxe4 Rxe4 20. a6 Qa1# 0-1

[Event "Challenge"]
[Site "http://www.queenalice.com/game.php?id=325318"]
[Date "2007.12.24"]
[Round "-"]
[White "luis_felipe_oliveira"]
[Black "klebert_jordan"]
[Result "1-0"]
[WhiteElo "1279"]
[BlackElo "1332"]

1. e4 e6 2. d4 Nf6 3. Bg5 Nxe4 4. Bxd8 Kxd8 5. Nf3 Bb4+ 6. c3 Bf8 7. Bd3 Nd6 8.
O-O Nc6 9. Re1 b6 10. Qe2 b5 11. Nbd2 Ba6 12. c4 bxc4 13. Nxc4 Nxc4 14. Bxc4 Bb4
15. Ng5 Re8 16. Bxa6 Bxe1 17. Rxe1 Nxd4 18. Qd3 e5 19. Nxf7+ Ke7 20. Nxe5 c5 21.
Qc4 Rab8 22. b3 Rb6 23. Qxc5+ Rd6 24. Ng6+ Kf7 25. Bc4+ Ne6 26. Qxd6 Kxg6 27.
Qxd7 Rf8 28. Qxe6+ Rf6 29. Bd3+ Kg5 30. Re5+ Kh6 31. Qh3# 1-0

[Event "Challenge"]
[Site "http://www.queenalice.com/game.php?id=326313"]
[Date "2007.12.26"]
[Round "-"]
[White "luis_felipe_oliveira"]
[Black "gupi"]
[Result "1-0"]
[WhiteElo "1389"]
[BlackElo "1243"]

1. e4 e5 2. Nf3 Nf6 3. Bc4 Nxe4 4. Nc3 Ng5 5. d4 Nc6 6. Bxg5 f6 7. Bh4 Nxd4 8.
Nxe5 Bb4 9. Nf7 Qe7+ 10. Kf1 O-O 11. Qxd4 d5 12. Bxd5 c5 13. Qc4 g5 14. Re1 Qd7
15. Ne5+ 1-0

[Event "Challenge"]
[Site "http://www.queenalice.com/game.php?id=326592"]
[Date "2007.12.27"]
[Round "-"]
[White "MurielleLyon"]
[Black "luis_felipe_oliveira"]
[Result "0-1"]
[WhiteElo "1279"]
[BlackElo "1343"]

1. e4 e5 2. Nf3 d6 3. Bc4 Nc6 4. d3 Be7 5. h4 Bd7 6. Bg5 h6 7. Be3 Na5 8. Nc3
Nf6 9. Bd2 O-O 10. Nd5 Nxd5 11. Bxd5 c6 12. Bc4 Nxc4 13. dxc4 Be6 14. Qe2 Qb6
15. b3 f6 16. Be3 Qb4+ 17. Nd2 Qc3 18. O-O f5 19. f4 Bxh4 20. Rac1 Qb2 21. Qh5
exf4 22. Qxh4 fxe3 23. Nf3 Qxa2 24. exf5 Bxf5 25. Nd4 Qa5 26. Qh5 e2 27. Nxf5
exf1=Q+ 28. Rxf1 Kh7 29. Qg4 Qc5+ 30. Kh1 Rf7 31. Qe4 Raf8 32. Nxd6+ Kg8 33. Rd1
Qh5+ 34. Kg1 Qxd1+ 35. Kh2 Qxd6+ 36. Kh3 Rf4 37. c5 Qxc5 38. Qe7 Qh5+ 39. Kg3
Rg4# 0-1

[Event "Challenge"]
[Site "http://www.queenalice.com/game.php?id=329407"]
[Date "2008.1.2"]
[Round "-"]
[White "carol_2007"]
[Black "luis_felipe_oliveira"]
[Result "0-1"]
[WhiteElo "1141"]
[BlackElo "1363"]

1. Nc3 d5 2. b3 Nf6 3. Rb1 e5 4. Rb2 Bb4 5. Nb5 c6 6. Nc3 Qb6 7. Na4 Qb5 8. Nf3
Nbd7 9. Ng1 Nc5 10. Nxc5 Bxc5 11. Nh3 Qb6 12. Ng1 Bxf2# 0-1

[Event "Challenge"]
[Site "http://www.queenalice.com/game.php?id=331844"]
[Date "2008.1.6"]
[Round "-"]
[White "luis_felipe_oliveira"]
[Black "SueliFigueira"]
[Result "1-0"]
[WhiteElo "1401"]
[BlackElo "1206"]

1. e4 e5 2. Nf3 Bd6 3. Bc4 Nf6 4. d3 O-O 5. Be3 b6 6. O-O Ng4 7. Qe2 Qh4 8. Nxh4
h5 9. Nc3 a5 10. Nb5 a4 11. b3 Bb4 12. Nxc7 Ra5 13. Ng6 Re8 14. Nxe8 Kh7 15.
Bxf7 Nh6 16. Qxh5 d5 17. Nf6+ gxf6 18. Qxh6# 1-0

[Event "Challenge"]
[Site "http://www.queenalice.com/game.php?id=331863"]
[Date "2008.1.6"]
[Round "-"]
[White "joaohumberto"]
[Black "luis_felipe_oliveira"]
[Result "0-1"]
[WhiteElo "1436"]
[BlackElo "1411"]

1. d4 d5 2. e3 Nf6 3. Nc3 e6 4. f3 Bb4 5. Bd2 O-O 6. Qe2 Nc6 7. a3 Bd6 8. Nh3
Qe7 9. Qd3 e5 10. O-O-O h6 11. g4 e4 12. fxe4 dxe4 13. Nxe4 Nxe4 14. Bg2 Nxd2
15. Rxd2 Bxg4 16. Nf4 Rae8 17. h3 Qxe3 18. Rf1 Qe1+ 19. Rxe1 Rxe1+ 20. Rd1 Bxf4+
21. Kb1 Rxd1+ 22. Qxd1 Bxd1 23. Be4 Rd8 24. c3 Re8 25. Bd5 Re1 26. Ka2 Na5 27.
a4 c6 28. Be4 Bd6 29. b4 Nc4 30. Bd3 Nb6 31. a5 Na4 32. h4 Rh1 33. a6 bxa6 34.
Bxa6 Nxc3+ 35. Ka3 Rh2 36. Bc4 Nb1# 0-1

[Event "Challenge"]
[Site "http://www.queenalice.com/game.php?id=333057"]
[Date "2008.1.8"]
[Round "-"]
[White "luis_felipe_oliveira"]
[Black "soccer6"]
[Result "1-0"]
[WhiteElo "1482"]
[BlackElo "1391"]

1. e4 e6 2. d4 Qe7 3. Nc3 Nc6 4. Nf3 d6 5. Bb5 Bd7 6. Bg5 f6 7. Bh4 g5 8. Bg3 a6
9. Bd3 e5 10. Nd5 Qd8 11. O-O Na7 12. Qd2 c6 13. Nb4 exd4 14. Bc4 Nh6 15. c3 c5
16. Nd5 dxc3 17. Qxc3 Nc6 18. Nxg5 fxg5 19. Qxh8 b5 20. Be2 b4 21. Bh5+ Nf7 22.
Nf6+ Ke7 23. Nd5+ Ke8 24. Qxh7 Be6 25. Rfe1 Ne5 26. Nf6+ Ke7 27. Nd5+ Bxd5 28.
exd5 Qb8 29. Qxf7+ Kd8 30. Qxf8+ Kc7 31. Qg7+ Kc8 32. Bg4+ Nxg4 33. Re8# 1-0

[Event "Challenge"]
[Site "http://www.queenalice.com/game.php?id=333942"]
[Date "2008.1.10"]
[Round "-"]
[White "luis_felipe_oliveira"]
[Black "hooligan"]
[Result "1-0"]
[WhiteElo "1435"]
[BlackElo "1387"]

1. e4 e5 2. Nf3 f6 3. Bc4 a5 4. d3 Nc6 5. Be3 a4 6. Nc3 g6 7. O-O f5 8. Bg5 Nge7
9. d4 h6 10. Bh4 g5 11. Bg3 f4 12. d5 Nb4 13. a3 Na6 14. Bb5 Nc5 15. Nxe5 fxg3
16. hxg3 h5 17. b4 Nxe4 18. Nxe4 Bg7 19. Qd4 Nf5 20. Qc3 c6 21. Bc4 cxd5 22.
Bxd5 Ra7 23. Nxg5 Qc7 24. Qxc7 Nd4 25. Qxc8+ Ke7 26. Qxd7+ Kf6 27. Ng4+ Kxg5 28.
Qxg7+ Kf5 29. Ne3# 1-0

[Event "Challenge"]
[Site "http://www.queenalice.com/game.php?id=335633"]
[Date "2008.1.13"]
[Round "-"]
[White "lica"]
[Black "luis_felipe_oliveira"]
[Result "0-1"]
[WhiteElo "1284"]
[BlackElo "1494"]

1. d4 d5 2. e3 Nf6 3. Bb5+ Nc6 4. Nc3 e6 5. Bxc6+ bxc6 6. Nf3 Bb4 7. O-O O-O 8.
Qd3 Qd6 9. a3 Bxc3 10. bxc3 Ne4 11. c4 Ba6 12. a4 Bxc4 13. Qd1 Nc3 14. Ba3 c5
15. Qd2 Ne2+ 16. Kh1 Qc6 17. dxc5 Qxa4 18. Bb4 Qb5 19. Ra5 Qb8 20. Ne5 Bb5 21.
Ng4 c6 22. Raa1 Ng3+ 23. fxg3 Bxf1 24. Rxf1 Qb5 25. Kg1 a5 26. Ba3 Qa4 27. Nf2
Qxa3 28. Nh3 Qxc5 29. Ng5 e5 30. Nf3 f6 31. g4 a4 32. c3 Rfd8 33. g5 a3 34. gxf6
gxf6 35. g3 a2 36. Ra1 Rdb8 37. Kf2 Qc4 38. h4 Rb1 39. Rxb1 axb1=Q 40. g4 Ra2
0-1

[Event "Challenge"]
[Site "http://www.queenalice.com/game.php?id=336225"]
[Date "2008.1.14"]
[Round "-"]
[White "Jony"]
[Black "luis_felipe_oliveira"]
[Result "0-1"]
[WhiteElo "1474"]
[BlackElo "1451"]

1. e4 e5 2. Qh5 Nc6 3. Bc4 g6 4. Qf3 Nf6 5. g4 d6 6. g5 Nd4 7. Qd1 Nd7 8. c3 Nc6
9. Qf3 Qe7 10. h4 Bg7 11. Na3 Nb6 12. Bb3 Na5 13. Nc2 Nxb3 14. axb3 Be6 15. c4
c6 16. d3 f6 17. Nh3 d5 18. h5 f5 19. h6 Bf8 20. Qg3 f4 21. Qf3 Qf7 22. Nb4
Bxb4+ 23. Kf1 Qd7 24. Qe2 Bg4 25. Qc2 O-O-O 26. c5 Bxh3+ 27. Ke2 Qg4+ 28. f3
Qg2+ 29. Kd1 Qxh1+ 30. Ke2 Qe1# 0-1

[Event "Challenge"]
[Site "http://www.queenalice.com/game.php?id=343861"]
[Date "2008.1.27"]
[Round "-"]
[White "luis_felipe_oliveira"]
[Black "Sabaak_No_Gaara"]
[Result "0-1"]
[WhiteElo "1468"]
[BlackElo "1622"]

1. e4 c5 2. Nf3 d6 3. d4 cxd4 4. Nxd4 Nf6 5. Nc3 g6 6. Bc4 Bg7 7. Bb5+ Bd7 8. a4
O-O 9. O-O a6 10. Re1 axb5 11. Ncxb5 Bxb5 12. Nxb5 Na6 13. e5 dxe5 14. Qxd8
Raxd8 15. g3 Nb4 16. Re2 Ng4 17. Bg5 f6 18. Bd2 Nxc2 19. Rc1 Nd4 20. Re4 f5 21.
Nxd4 fxe4 22. Ne6 Rxd2 23. Nxf8 Kxf8 24. Rc8+ Kf7 25. Rc7 Rxb2 26. h3 Nxf2 27.
g4 Nxh3+ 28. Kh1 Nf2+ 29. Kg2 Nxg4+ 0-1

[Event "Challenge"]
[Site "http://www.queenalice.com/game.php?id=343863"]
[Date "2008.1.27"]
[Round "-"]
[White "fabionb"]
[Black "luis_felipe_oliveira"]
[Result "0-1"]
[WhiteElo "1427"]
[BlackElo "1468"]

1. e4 e5 2. Nf3 Nf6 3. Na3 Bb4 4. c3 Ba5 5. Ng5 d6 6. Nc4 b6 7. Ne3 Bb7 8. Nf5
O-O 9. Bc4 d5 10. exd5 Bxd5 11. Bd3 Bxg2 12. Ke2 Bxh1 13. Qxh1 e4 14. Bc2 Nc6
15. b4 Qd5 16. Bxe4 Rfe8 17. f3 Qxf5 18. d3 Nxe4 19. fxe4 Bxb4 20. cxb4 Nd4+ 21.
Ke1 Qg4 22. e5 Rad8 23. Qb7 Qe2# 0-1

[Event "Challenge"]
[Site "http://www.queenalice.com/game.php?id=360064"]
[Date "2008.2.24"]
[Round "-"]
[White "JhonDie"]
[Black "luis_felipe_oliveira"]
[Result "1-0"]
[WhiteElo "1502"]
[BlackElo "1502"]

1. e4 e5 2. Nf3 Nc6 3. d4 d5 4. Nc3 Bb4 5. dxe5 dxe4 6. Qxd8+ Nxd8 7. Ng5 Bf5 8.
Bc4 Ne6 9. Bxe6 fxe6 10. O-O Bg6 11. Nxe6 Ke7 12. Nxc7 Rc8 13. N7d5+ Kd7 14.
Nxb4 Kc7 15. Bf4 Kb8 16. e6+ Ka8 17. Rfe1 Nf6 18. Rad1 Bf5 19. Be5 Rhe8 20. Rd6
Bxe6 21. Bxf6 gxf6 22. Rxe4 Bf5 23. Rxe8 Rxe8 24. Kf1 b6 25. Rxf6 Be6 26. Nbd5
Bxd5 27. Nxd5 Rc8 28. c3 Kb7 29. Rf7+ Kc6 30. Ne7+ Kd7 31. Nxc8+ Kxc8 32. Rxa7
Kb8 33. Rxh7 Kc8 34. g4 Kd8 35. g5 Ke8 36. g6 Kf8 37. f4 Kg8 38. f5 b5 39. f6
Kf8 40. Re7 Kg8 41. Re8# 1-0